00743nam a2200229Ia 4500003000900000008004100009020001800050040001600068080001500084100002900099245005600128260003900184300001500223650001800238650002300256650003200279650002300311650002500334942000700359999001700366952013000383IN-BaIIA211028s9999 xx 000 0 eng d a0-486-68014-2 cIIA Library a519.4bISA aIsaacs, I. Martin926078 0aCharacter theory of finite groupscI. Martin Isaacs aNew YorkbDover Publicationsc1994 axii, 303p. aAlgebra91494 aChararcters926079 aGroup representation926080 aIntegrality926081 aLinera groups926082 cBK c14632d14632 00104070aBANbBANcGENd2002-05-16eSBS g660.00l0o519.4/ ISAp15554r2021-11-05v660.00w2002-05-16yBKGRs. 660.00